000 00376nam a2200145Ia 4500
008 220524s9999 xx 000 0 und d
041 _aeng
082 _a746.03
100 _aMurphy William S.
_96130
245 _aEncyclopedia of Texile Technology-Vol.1
260 _bAbhishek Publication Chandigarh- 17-India
_c1999
300 _a207
650 _aTextile
_96131
906 _a
999 _c6698
_d6698